<?xml version="1.0" encoding="UTF-8"?>
<record
    xmlns:xsi="http://www.w3.org/2001/XMLSchema-instance"
    xsi:schemaLocation="http://www.loc.gov/MARC21/slim http://www.loc.gov/standards/marcxml/schema/MARC21slim.xsd"
    xmlns="http://www.loc.gov/MARC21/slim">

  <leader>02338cam a2200277   4500</leader>
  <controlfield tag="001">6884</controlfield>
  <datafield tag="010" ind1=" " ind2=" ">
    <subfield code="a">   99039675</subfield>
  </datafield>
  <datafield tag="020" ind1=" " ind2=" ">
    <subfield code="a">0847695719 (cloth : alk. paper)</subfield>
  </datafield>
  <datafield tag="020" ind1=" " ind2=" ">
    <subfield code="a">0847695727 (pbk : alk. paper)</subfield>
  </datafield>
  <datafield tag="082" ind1="0" ind2="0">
    <subfield code="a">302.23</subfield>
    <subfield code="2">21</subfield>
  </datafield>
  <datafield tag="100" ind1=" " ind2=" ">
    <subfield code="a">Sparks, Colin.</subfield>
    <subfield code="b"></subfield>
    <subfield code="c"></subfield>
    <subfield code="d"></subfield>
    <subfield code="e"></subfield>
    <subfield code="q"></subfield>
  </datafield>
  <datafield tag="245" ind1="0" ind2="0">
    <subfield code="a">Tabloid tales :</subfield>
    <subfield code="b">global debates over media standards /</subfield>
    <subfield code="c">edited by Colin Sparks and John Tulloch.</subfield>
  </datafield>
  <datafield tag="260" ind1=" " ind2=" ">
    <subfield code="a">Lanham, Md. :</subfield>
    <subfield code="b">Rowman &amp; Littlefield,</subfield>
    <subfield code="c">c2000.</subfield>
  </datafield>
  <datafield tag="300" ind1=" " ind2=" ">
    <subfield code="a">xiii, 315 p. :</subfield>
    <subfield code="b">ill. ;</subfield>
    <subfield code="c">24 cm.</subfield>
  </datafield>
  <datafield tag="440" ind1=" " ind2="0">
    <subfield code="a">Critical media studies</subfield>
  </datafield>
  <datafield tag="504" ind1=" " ind2=" ">
    <subfield code="a">Includes bibliographical references and index.</subfield>
  </datafield>
  <datafield tag="505" ind1=" " ind2=" ">
    <subfield code="a">Chapter 1 Foreword Chapter 2 Introduction: The Panic over  Tabloid News Part 3 Part One: Are the Tabloids Taking  Over?Chapter 4 1 Political Space and the Trade in  Television News Chapter 5 2 Does Tabloidization Make  German Local Newspapers Successful? Chapter 6 3  Tabloidization in the British Press: A Quantitative  Investigation into Changes in British Newspapers, 1952- 1997 Chapter 7 4 Thirty Years of Competition in the  British Tabloid Press: The Mirror and the Sun, 1968-1998  Chapter 8 5 The Development of the Tabloid Press in  Hungary Part 9 Part Two: Tabloid Journalism in  Perspective Chapter 10 6 The Eternal Recurrence of New  Journalism Chapter 11 7 The Home and Family Section in  the Japanese Newspaper Chapter 12 8 Talking about the  Tabloids: Journalists' Views Chapter 13 9 Tabloidized  Political Coverage in the German Bild-Zeitung Chapter 14  10 Tabloidization, Media Panics, and Mad Cow Disease Part  15 Part Three: What Implications Does Tabloid Journalism  Have for Society?Chapter 16 11 Audience Demands in a  Murderous Market: Tabloidization of U.S. Television News  Chapter 17 12 Literacy, Seriousness, and the Oprah  Winfrey Book Club Chapter 18 13 Rethinking  Personalization in Current Affairs Journalism Chapter 19  14 La Nota Roja: Popular Journalism and the Transition to  Democracy in Mexico Chapter 20 15 Tabloidization, Popular  Journalism, and Democracy.</subfield>
  </datafield>
  <datafield tag="650" ind1=" " ind2="0">
    <subfield code="a">Journalistic ethics.</subfield>
  </datafield>
  <datafield tag="650" ind1=" " ind2="0">
    <subfield code="a">Mass media</subfield>
    <subfield code="x">Moral and ethical aspects.</subfield>
  </datafield>
  <datafield tag="650" ind1=" " ind2="0">
    <subfield code="a">Sensationalism in journalism.</subfield>
  </datafield>
  <datafield tag="650" ind1=" " ind2="0">
    <subfield code="a">Sensationalism on television.</subfield>
  </datafield>
  <datafield tag="650" ind1=" " ind2="0">
    <subfield code="a">Tabloid newspapers.</subfield>
  </datafield>
  <datafield tag="700" ind1="1" ind2=" ">
    <subfield code="a">Sparks, Colin,</subfield>
    <subfield code="d">1947-</subfield>
  </datafield>
  <datafield tag="700" ind1="1" ind2=" ">
    <subfield code="a">Tulloch, John,</subfield>
    <subfield code="d">1946-</subfield>
  </datafield>
  <datafield tag="999" ind1=" " ind2=" ">
    <subfield code="c">5823</subfield>
    <subfield code="d">5823</subfield>
  </datafield>
  <datafield tag="952" ind1=" " ind2=" ">
    <subfield code="0">0</subfield>
    <subfield code="1">0</subfield>
    <subfield code="2">ddc</subfield>
    <subfield code="4">0</subfield>
    <subfield code="7">0</subfield>
    <subfield code="8">MAIN</subfield>
    <subfield code="a">RTCLIB</subfield>
    <subfield code="b">RTCLIB</subfield>
    <subfield code="c">MAIN</subfield>
    <subfield code="d">2018-11-27</subfield>
    <subfield code="h"> </subfield>
    <subfield code="i">10701</subfield>
    <subfield code="l">0</subfield>
    <subfield code="o">302.23  SPA</subfield>
    <subfield code="p">30010561</subfield>
    <subfield code="r">2022-01-12 00:00:00</subfield>
    <subfield code="w">2018-11-27</subfield>
    <subfield code="y">MAIN</subfield>
  </datafield>
</record>
